| 000 | 00449nam a22001457a 4500 | ||
|---|---|---|---|
| 020 | _a978-946442895 | ||
| 082 |
_a332.6019 _bBEH |
||
| 245 |
_aBehavioral Finance, Capital Market Expectations: _b2020 CFA Program Curriculum Level III, Volume 2 / _cCFA Institute. |
||
| 260 |
_aUSA : _bWiley , _c2019. |
||
| 300 | _aix, 273p. : | ||
| 504 | _aGlossary included. | ||
| 563 | _aPB | ||
| 650 |
_a​Capital Market Expectations _9128680 |
||
| 942 |
_2ddc _cBK |
||
| 999 |
_c613579 _d613579 |
||